FTIR mapping: Polymer swelling and solvent segregation in benzene/cyclohexane-Polyisoprene rubber system (Record no. 59611)

MARC details
000 -LEADER
fixed length control field 00559nam a2200193Ia 4500
100 ## - MAIN ENTRY--AUTHOR NAME
Personal name Li Gui-Yang
245 #0 - TITLE STATEMENT
Title FTIR mapping: Polymer swelling and solvent segregation in benzene/cyclohexane-Polyisoprene rubber system
260 ## - PUBLICATION, DISTRIBUTION, ETC. (IMPRINT)
Name of publisher Journal of Elastomers and Plastics
Year of publication 2004
300 ## - PHYSICAL DESCRIPTION
Number of Pages 33-44
650 ## - SUBJECT ADDED ENTRY--TOPICAL TERM
Topical Term Benzene
650 ## - SUBJECT ADDED ENTRY--TOPICAL TERM
Topical Term Cyclohexane
650 ## - SUBJECT ADDED ENTRY--TOPICAL TERM
Topical Term Natural rubber
650 ## - SUBJECT ADDED ENTRY--TOPICAL TERM
Topical Term Solven diffusion
650 ## - SUBJECT ADDED ENTRY--TOPICAL TERM
Topical Term Solvent segregation
650 ## - SUBJECT ADDED ENTRY--TOPICAL TERM
Topical Term Swelling
700 ## - ADDED ENTRY--PERSONAL NAME
Personal name Koenig J L
942 ## - ADDED ENTRY ELEMENTS (KOHA)
Koha item type Journals
Holdings
Withdrawn status Lost status Damaged status Not for loan Home library Current library Shelving location Date acquired Serial Enumeration / chronology Koha item type
      Journals RRII Library RRII Library Rubber chemistry 17/12/2021 Volume 36, Issue 1 Journals